000 00481nam a2200157Ia 4500
008 240729s9999 xx 000 0 und d
022 _a2050-7038
245 0 _aInternational Transactions on Electrical Energy Systems
260 _aUnited Kingdom
260 _bHindawi-Wiley
650 _a Electrical engineering. Electronics. Nuclear engineering
650 _aTechnology
856 _uhttps://doaj.org/toc/6d7cf1ba61864defa4ba02b0f39b4580
942 _2ddc
942 _cDOAJEJ
999 _c71976
_d71976
945 _a1
_bMadushi Gamage
_c1
_dMadushi Gamage